000 00420nam a2200169 i 4500
001 bg
100 1 _aHADLEY, G.
245 0 _aVariational methods in economics /
_cG. Haldey, M. C. Kemp.
260 _aAmsterdam :
_bNorth Holland,
_c1971.
300 _aIX, 378 s.
700 1 _aKEMP, M. C.
040 _cBPK
041 _apol
080 _a519.3:330.115
942 _cKS
008 s pl f |000 0 pol
999 _c15629
_d15629
856 _uhttp://koha.tu.koszalin.pl/cgi-bin/koha/opac-detail.pl?biblionumber=15629
_yKatalog online BPK